| 000 | 00498nam a2200169 i 4500 | ||
|---|---|---|---|
| 001 | 182407 | ||
| 003 | ES-MaACL | ||
| 005 | 20250626063219.0 | ||
| 008 | 130808s1984 sp |||| | spa d | ||
| 080 | _a75 Vostell, Wolf | ||
| 100 | 1 |
_aVostell, Wolf, _d1932-1998 _9153211 |
|
| 245 | 1 | 0 |
_aHomenaje a Juana La Loca / _cWolf Vostell. |
| 260 |
_aSanta Cruz de Tenerife : _bBoabab, _c[1984] |
||
| 300 |
_a64 p. : _bil. ; _c30 cm. |
||
| 852 |
_aES-MaACL _j2323-F-18 |
||
| 999 |
_c182407 _d182407 |
||